| 000 | 01382nam a2200349 a 4500 | ||
|---|---|---|---|
| 001 | ebr10500261 | ||
| 003 | CaPaEBR | ||
| 006 | m u | ||
| 007 | cr cn||||||||| | ||
| 008 | 100920s2011 mnua sb 001 0 eng d | ||
| 010 | _z 2010036990 | ||
| 020 | _z9780816675784 (hc : alk. paper) | ||
| 020 | _z9780816675791 (pb : alk. paper) | ||
| 020 | _z9780816676682 (e-book) | ||
| 040 |
_aCaPaEBR _cCaPaEBR |
||
| 035 | _a(OCoLC)763159216 | ||
| 050 | 1 | 4 |
_aTT560 _b.A19 2011eb |
| 082 | 0 | 4 |
_a746.9/2 _222 |
| 245 | 0 | 0 |
_aAccessorizing the body _h[electronic resource] : _bhabits of being i / _cCristina Giorcelli and Paula Rabinowitz, editors. |
| 260 |
_aMinneapolis : _bUniversity of Minnesota Press, _cc2011. |
||
| 300 |
_axx, 249 p. : _bill. |
||
| 504 | _aIncludes bibliographical references and index. | ||
| 533 |
_aElectronic reproduction. _bPalo Alto, Calif. : _cebrary, _d2011. _nAvailable via World Wide Web. _nAccess may be limited to ebrary affiliated libraries. |
||
| 650 | 0 |
_aDress accessories _xHistory. |
|
| 650 | 0 |
_aFashion design _xHistory. |
|
| 650 | 0 |
_aFashion designers _xHistory. |
|
| 655 | 7 |
_aElectronic books. _2local |
|
| 700 | 1 | _aGiorcelli, Cristina. | |
| 700 | 1 | _aRabinowitz, Paula. | |
| 710 | 2 | _aebrary, Inc. | |
| 856 | 4 | 0 |
_uhttp://site.ebrary.com/lib/rucke/Doc?id=10500261 _zAn electronic book accessible through the World Wide Web; click to view |
| 999 |
_c241782 _d241782 |
||